| 000 | 00736nam a2200205 a 4500 | ||
|---|---|---|---|
| 001 | 000739477 | ||
| 003 | AM-YeHGA | ||
| 005 | 20250617143331.0 | ||
| 008 | 100531s2010 xx r 000 0 eng d | ||
| 040 | _aAM-YeHGA | ||
| 041 | 0 | _aeng | |
| 100 | 1 | _aNorris, James N. | |
| 245 | 1 | 0 |
_aMarine algae of the northern Gulf of California : _bChlorophyta and Phaeophyceae / _cJames N. Norris. |
| 260 |
_aWashington, D.C. : _bSmithsonian Institution Scholarly Press, _c2010. |
||
| 300 |
_ax, 276 p. : _bill. (some col.), map ; _c28 cm. |
||
| 440 | 0 |
_aSmithsonian contributions to botany ; _vNo. 94 |
|
| 504 | _aIncludes bibliogr. references (p. [235]-270) and index | ||
| 650 | 1 | 4 |
_aMarine algae _zMexico _zCalifornia, Gulf of. |
| 090 | _c275101 | ||
| 999 |
_c273458 _d273458 |
||